| 000 | 00823nas a2200265 4500 | ||
|---|---|---|---|
| 001 | BR2014006348 | ||
| 003 | BR-BrBNA | ||
| 005 | 20231205124605.0 | ||
| 007 | ta | ||
| 008 | 230509b bl.|||p| |||| 00| 00por d | ||
| 040 |
_aBR-BrBNA _bpor _cBiblioteca Nacional de Agricultura |
||
| 041 | _a(Pt) | ||
| 072 | _aN10 | ||
| 100 | 1 | _aLopes Neto, J.P. | |
| 100 | 1 | _aNascimento, J.W.B. do | |
| 100 | 1 | _aFank, M.Z. | |
| 245 | 1 | _aForças verticais e de atrito em silos cilíndricos com fundo plano | |
| 650 | _aINSTALAÇÃO AGRÍCOLA | ||
| 650 | _aSILAGEM | ||
| 650 | _aARMAZENAMENTO | ||
| 650 | _aPRESSÃO | ||
| 773 | 0 |
_tRevista Brasileira de Engenharia Agrícola e Ambiental (Brazil) _xISSN 1415-4366 _g(Jun 2014), V. 18(6) p. 652-657 _wBR2014006348 |
|
| 909 |
_a202311 _bLúcia _c55 _dLúcia Elande |
||
| 942 |
_2AGRIS _n0 _cANA |
||
| 999 |
_c239877 _d239877 |
||